Tout les vainqueurs chez Ferrari en F1 - Statistiques

Statistiques générales
  • Ce quiz a été pris 115 fois
  • Le résultat moyen est 19 sur 40
Statistiques - réponses
Victoires Grands Prix Nationalité Pilote % Correct
8 134 Monaco Charles Leclerc
99%
72 180 Allemagne Michael Schumacher
98%
14 118 Allemagne Sebastian Vettel
91%
11 96 Espagne Fernando Alonso
88%
5 39 France Alain Prost
87%
10 151 FInlande Kimi Raikkonen
83%
15 57 Autriche Niki Lauda
83%
11 139 Brésil Felipe Massa
81%
4 88 Espagne Carlos Sainz
76%
6 66 Canada Gilles Villeneuve
76%
3 7 Argentine Juan Manuel Fangio
72%
13 27 Italie Alberto Ascari
66%
9 102 Brésil Rubens Barrichello
61%
1 79 France Jean Alesi
56%
6 55 Belgique Jacky Ickx
53%
1 20 Italie Giuseppe Farina
45%
3 30 Etats-Unis Phill Hill
45%
4 65 Royaume-Uni(Irlande du Nord) Eddie Irvine
44%
5 96 Autriche Gerhard Berger
42%
4 73 Suisse Clay Regazzoni
38%
3 31 Royaume-Uni Nigel Mansell
37%
2 25 France Didier Pironi
36%
1 12 Etats-Uni Mario Andretti
36%
3 32 France René Arnoux
36%
3 28 Afrique du Sud Jody Schekter
35%
3 80 Italie Michele Alboreto
31%
5 34 Argentine Carlos Reutemann
30%
2 21 France Patrick Tambay
29%
4 30 Royaume-Uni John Surtees
25%
3 35 Royaume-Uni Mike Hawthorn
22%
2 25 Allemagne Wolfgang Von Trips
18%
2 15 Argentine Jose-Froilan Gonzalez
17%
1 17 France Maurice Trintignant
17%
1 35 Italie Lorenzo Bandini
16%
1 15 Italie Luigi Musso
16%
3 20 Royaume-Uni Peter Collins
15%
1 13 Italie Piero Taruffi
15%
1 8 Italie Giancarlo Baghetti
13%
1 6 Italie Ludovico Scarfiotti
12%
2 7 Royaume-Uni Tony Brooks
12%
Aucun quiz correspondant
Distribution des résultats
% des personnes avec chaque résultat
Percentile par nombre de réponses
Votre historique - résultats
Vous n’avez pas pris ce quiz